书目信息 |
| 题名: |
“新基础教育”发展性研究专题论文·案例集
|
|
| 作者: | 杨小微 , 李家成 主编 | |
| 分册: | 上 学校管理·班级建设 | |
| 出版信息: | 北京 中国轻工业出版社 2004 |
|
| 页数: | 292页 | |
| 开本: | 24cm | |
| 丛书名: | “新基础教育”发展性研究丛书 | |
| 单 册: | ||
| 中图分类: | G639.21-53 , G637-53 , G639.21 | |
| 科图分类: | ||
| 主题词: | 基础教育--教育改革--中国--文集 , 中小学--学校管理--文集 | |
| 电子资源: | ||
| ISBN: | 7-5019-4328-1 | |
| 000 | 01231oam2 2200301 450 | |
| 001 | 1547424407 | |
| 005 | 20150125131215.87 | |
| 010 | @a7-5019-4328-1@dCNY28.00 | |
| 100 | @a20040616d2004 emky0chiy50 ea | |
| 101 | 0 | @achi |
| 102 | @aCN@b110000 | |
| 105 | @ay z 000yy | |
| 200 | 1 | @a“新基础教育”发展性研究专题论文·案例集@9“ xin ji chu jiao yu ” fa zhan xing yan jiu zhuan ti lun wen · an li ji@h上@i学校管理·班级建设@f杨小微,李家成主编 |
| 210 | @a北京@c中国轻工业出版社@d2004 | |
| 215 | @a292页@d24cm | |
| 225 | 2 | @a“新基础教育”发展性研究丛书 |
| 300 | @a全国哲学社会科学“十五”国家重点课题 国家教育部普通高等学校人文社会科学重点研究基地华东师范大学基础教育改革与发展研究所研究项目 | |
| 330 | @a本书针对已历时五年的推广性、发展性“新基础教育”研究,从学校发展、管理变革与班级建设的视角,对这一实践历程进行全面回顾与反思、总结经验。 | |
| 461 | 0 | @12001 @a“新基础教育”发展性研究丛书 |
| 606 | 0 | @a基础教育@x教育改革@y中国@j文集 |
| 606 | 0 | @a中小学@x学校管理@j文集 |
| 690 | @aG639.21-53@v5 | |
| 690 | @aG637-53@v5 | |
| 690 | @aG639.21@v4 | |
| 701 | 0 | @a杨小微@9yang xiao wei@f(1954~)@4主编 |
| 701 | 0 | @a李家成@9li jia cheng@4主编 |
| 801 | 0 | @aCN@bTSSF@c20150125 |
| 905 | @aZUCC@dG639.21@eJY3:1 | |
| “新基础教育”发展性研究专题论文·案例集.上.学校管理·班级建设/杨小微,李家成主编.-北京:中国轻工业出版社,2004 |
| 292页;24cm.-(“新基础教育”发展性研究丛书) |
| 全国哲学社会科学“十五”国家重点课题 国家教育部普通高等学校人文社会科学重点研究基地华东师范大学基础教育改革与发展研究所研究项目 |
| ISBN 7-5019-4328-1:CNY28.00 |
| 本书针对已历时五年的推广性、发展性“新基础教育”研究,从学校发展、管理变革与班级建设的视角,对这一实践历程进行全面回顾与反思、总结经验。 |
| ● |
| 相关链接 |
|
|
|
|
正题名:"新基础教育"发展性研究专题论文·案例集
索取号:G639.21/JY3:1
 
预约/预借
| 序号 | 登录号 | 条形码 | 馆藏地/架位号 | 状态 | 备注 |
| 1 | 7859115 | 278591150 | 学院路分馆/ [索取号:G639.21/JY3:1] | 在馆 |